| 000 | 03185cam a22004218a 4500 | ||
|---|---|---|---|
| 001 | 14970881 | ||
| 005 | 20070817164250.0 | ||
| 008 | 070817s2008 nju b 001 0 eng | ||
| 010 | _a 2007034147 | ||
| 020 | _a0138142734 (alk. paper) | ||
| 020 | _a9780138142735 (alk. paper) | ||
| 040 |
_aDLC _cDLC |
||
| 050 | 0 | 0 |
_aHF5549 _b.D4379 2008 |
| 082 | 0 | 0 |
_a658.3 _222 _bDES |
| 100 | 1 |
_aDessler, Gary, _d1942- _93367 |
|
| 245 | 1 | 0 |
_aHuman resource management / _cGary Dessler. |
| 250 |
_a11th ed. _bPearson international edition |
||
| 260 |
_aUpper Saddle River, NJ : _bPearson Prentice Hall, _cc2008. |
||
| 263 | _a0708 | ||
| 300 |
_a801p: _bill; _c26cm. |
||
| 504 | _aIncludes bibliographical references and index. | ||
| 650 | 0 |
_aPersonnel management. _93368 |
|
| 942 |
_2ddc _cBB |
||
| 999 |
_c10217 _d10217 |
||